000
00217nam a2200097Ia 4500
005
20251222114416.0
008
251222s1900||||xx |||||||||||||| ||spa||
082
_a
DVD0070/K29/1952
245
0
_a
Viva Zapata:
942
_c
DVD
999
_c
2248
_d
2248